Library Logo

Pioneer International University Library Catalogue

Sociological footprints : (Record no. 6363)

MARC details
000 -LEADER
fixed length control field 00587cam a2200169 a 4500
005 - DATE AND TIME OF LATEST TRANSACTION
control field 20250901165606.0
008 - FIXED-LENGTH DATA ELEMENTS--GENERAL INFORMATION
fixed length control field 020311s2003 caua b 000 0 eng
010 ## - LIBRARY OF CONGRESS CONTROL NUMBER
LC control number 2002103568
020 ## - INTERNATIONAL STANDARD BOOK NUMBER
International Standard Book Number 0534588425
050 00 - LIBRARY OF CONGRESS CALL NUMBER
Classification number HM585 .S592 2003
Item number .S592 2003
082 04 - DEWEY DECIMAL CLASSIFICATION NUMBER
Classification number 301
Edition information 21
245 00 - TITLE STATEMENT
Title Sociological footprints :
Remainder of title introductory readings in sociology /
Statement of responsibility, etc. [compiled by] Leonard Cargan, Jeanne H. Ballantine.
250 ## - EDITION STATEMENT
Edition statement 9th ed.
260 ## - PUBLICATION, DISTRIBUTION, ETC.
Place of publication, distribution, etc. Belmont, CA :
Name of publisher, distributor, etc. Wadsworth/Thomson Learning,
Date of publication, distribution, etc. c2003.
300 ## - PHYSICAL DESCRIPTION
Extent xx, 460 p. :
Other physical details ill. ;
Dimensions 24 cm.
942 ## - ADDED ENTRY ELEMENTS (KOHA)
Source of classification or shelving scheme Library of Congress Classification
Classification part HM585 .S592 2003
Holdings
Withdrawn status Lost status Source of classification or shelving scheme Damaged status Not for loan Home library Current library Shelving location Date acquired Total checkouts Full call number Barcode Date last seen Price effective from Koha item type
    Library of Congress Classification     Main Library Main Library   12/15/2023   HM585 .S592 2003 PIU0002469 12/15/2023 12/15/2023 Books